000 00383nam a2200145Ia 4500
008 231129s1997||||xx |||||||||||||| ||spa||
020 _a958-30-0407-3
040 _bspa
082 _aCo861.4 R667
100 _aRobledo Ortiz Jorge
245 0 _aJorge Robledo Ortiz: seleccion
260 _c1997
264 _aPanamericana
942 _2ddc
_cBKS
999 _c16133
_d16133